| 000 | 00361nam a22001457a 4500 | ||
|---|---|---|---|
| 003 | OSt | ||
| 005 | 20211026085444.0 | ||
| 008 | 211026b |||||||| |||| 00| 0 eng d | ||
| 040 |
_aHU _cDDC |
||
| 082 | _a348.022 | ||
| 245 | _aINTRODUCTION TO INTERPRETATION OF STATUTES | ||
| 260 |
_aNEW DELHI _bWADHWA _c2005 |
||
| 300 | _alvi,335,P,22CM | ||
| 942 |
_2ddc _cBOOKS _n0 |
||
| 999 |
_c14830 _d14830 |
||